000 00595nam a2200133Ia 4500
008 220204s9999 xx 000 0 und d
082 _aNR:63:551.501.86
_bRRI
245 0 _aSatellite survey of natural rubber plantations in Kerala, Tamil Nadu and Karnataka: Report of the Consultancy Project for Automotive Tyre Manufacturers Association and All India Rubber Industries Association, Rubber Research Institute of India, Kottayam, India
260 _aKottayam
_bRubber Research Institute of India
_c2014
650 _aAcreage estimation
650 _aGIS
650 _aRemote sensing
942 _cBK
999 _c44877
_d44877